000 01707nam a2200313 a 4500
001 000015358
003 OSt
005 20220210113628.0
008 100205s2007 dr ac 001 0 spa d
020 _a9789993458456
040 _aDO-SdBNP
_bspa
_cBPMSU
082 _a972.93054
_bG377J 2007
_222
100 1 _aGerón, Candido,
_d1950-
245 1 0 _aJuan Bosch :
_bdocumentos inéditos de la Revolución de Abril de 1965 /
_cCándido Gerón.
260 _aSanto Domingo :
_bCentenario,
_c2007.
300 _a360 p. :
_bil., retrs. ;
_c27 cm.
500 _aIncluye índice onomástico.
500 _aIncluye referencias biobliográficas y notas al pie de las páginas.
505 0 _tA manera de introito -- --
_tTrujillo: un tumor maligno --
_tPreludio y ocaso --
_tCaminos intermedios --
_tLas raíces del golpe de Estado militar --
_tUna profecía sin profetas -- .
_tCoronel Rafael Tomás Fernández Domínguez: símbolo de la altivez --
_tLas tareas pendientes de la democracia --
_tBosch, entre el ideal político y la memoria histórica --
_tLas circunstancias --
_tDocumentos inéditos --
_tEntrevista al Dr. Donald Reid Cabral, ex presidente del Triunvirato --
_tEntrevista al general Manuel Ramón Montes Arache.
590 _aInventariado, 2022/VM
600 1 0 _a Bosch, Juan,
_d1909-2001
_91
651 4 _aRepública Dominicana
_xHistoria
_yEra de Trujillo, 1930-1961
651 4 _aRepública Dominicana
_xPolítica y gobierno
_y1963-
651 4 _aRepública Dominicana
_xHistoria
_yRevolución del 1965
651 4 _aRepública Dominicana
_xHistoria
_yGolpe de Estado, 1963
651 4 _aRepública Dominicana
_xHistoria
_yOcupación norteamericana, 1965-1966
910 _aVMateo VM
942 _2ddc
_cBK
999 _c14031
_d14031